000 00253nam a2200121Ia 4500
008 190216s9999||||xx |||||||||||||| ||und||
100 _aAbdulla Hussain
245 0 _aHindi-Nisheb
260 _bLoshan
300 _a112
650 _aHindi
942 _cBK
999 _c16356
_d16356